|
|
|
|
| LEADER |
00982nam a2200265 a 4500 |
| 001 |
12695902 |
| 008 |
091207s2003 ohuab 001 0 eng d |
| 999 |
|
|
|c 6097
|d 6097
|
| 010 |
|
|
|a 2002021062
|
| 020 |
|
|
|a 0324162618
|
| 040 |
|
|
|a DLC
|c DLC
|d DLC
|d BD-DhAAL
|
| 082 |
0 |
0 |
|a 332
|2 21
|
| 100 |
1 |
|
|a Madura, Jeff.
|9 25084
|
| 245 |
1 |
0 |
|a Financial markets and institutions /
|c Jeff Madura.
|
| 250 |
|
|
|a 6th ed.
|
| 260 |
|
|
|a Mason, Ohio :
|b South-Western/Thomson Learning,
|c c2003.
|
| 300 |
|
|
|a xx, 719 [21] p. :
|b col. ill., maps ;
|c 26 cm.
|
| 504 |
|
|
|a Includes index.
|
| 541 |
1 |
|
|e 00014782
|
| 650 |
|
0 |
|a Financial institutions.
|9 25085
|
| 650 |
|
0 |
|a Capital market.
|9 25086
|
| 650 |
|
0 |
|a Money market.
|9 25087
|
| 852 |
4 |
|
|a Ayesha Abed Library
|j General Shelf.
|
| 942 |
|
|
|2 ddc
|c BK
|
| 952 |
|
|
|0 0
|1 0
|2 ddc
|4 0
|6 332_MAD_200300000000000
|7 0
|9 6084
|a BRACUL
|b BRACUL
|c GEN
|d 2009-12-15
|g 0.00
|l 24
|m 217
|o 332 MAD
|p 3010014782
|r 2026-01-17
|s 2025-10-13
|t 1
|w 2009-12-15
|y BK
|x No price found in the accession register.
|